000 00514nam a2200205 i 4500
001 bg
100 1 _aSTUSSI, Fritz
245 0 _aGrundlagen des Stahlbaues /
_cFritz Stüssi, Pierre Dubas.
250 _a2te neubearb. Aufl.
260 _aBerlin :
_bSpringer,
_c1971.
650 9 _aKonstrukcje stalowe
700 1 _aDubas, Pierre
020 _a3540052593
040 _cBPK
041 _apol
080 _a624.014.2
920 _a3-540-05259-3
942 _cKS
008 s pl f |000 0 pol
999 _c14492
_d14492
856 _uhttp://koha.tu.koszalin.pl/cgi-bin/koha/opac-detail.pl?biblionumber=14492
_yKatalog online BPK